000 01045nkm a2200313 c 4500
999 _c210174
_d210174
003 BLK
005 20200429153145.0
008 180412b bul rap|r|||| r0| ||bulo|
010 _aKNG00162830000
040 _aBLK
041 _aLIT
_cDRU
080 _aХудожествени тъкани. Текстилно изкуство
_b745.52
_x(474.5)
_z745.52(474.5)
139 _aLietuvos gobelenas
_bL 69
_gЛ 69
245 1 0 _aLietuvos gobelenas
257 _aLIT
260 _bVaga
_c1983
300 _a240 p.
_bill.
_c34 cm
380 _a7
500 _aСписък на репрод. - Рез. на рус., англ.
650 4 _aТъкани, художествени
_9270976
651 4 _aЛитва
_9179143
653 _aхудожествени тъкани
653 _aгоблени
852 _aЦб Гр А ІІ 3026
856 4 _qpdf
_u
856 4 _qpdf
_u
942 _cGRA
_n0
_s1
944 _aCR
_c05.07.2014
_l05.07.2014 - от С1,Р / 05.07.2014
_kКамелия_Данева
944 _aED
_c05.07.2014
_l05.07.2014 - от С1,Р / 05.07.2014
999 _d210174